Antibody titer of canine rabies in krang svay commune, preah sdach district, prey veng province. កម្រិតអង់ទីករនៃជំងឺឆ្កែឆ្កួតលើសុនខក្នុងឃុំក្រាំងស្វាយ ស្រុកព្រះស្ដេច ខេត្តព្រៃវែង (Record no. 25680)

000 -LEADER
fixed length control field 00624nam a22001217a 4500
040 ## - CATALOGING SOURCE
Transcribing agency RUA
082 ## - DEWEY DECIMAL CLASSIFICATION NUMBER
Classification number DVM SEN 2025 B707 Or.1
100 ## - MAIN ENTRY--AUTHOR NAME
Personal name SENG SREYKIN, សេង ស្រីគីន
245 ## - TITLE STATEMENT
Title Antibody titer of canine rabies in krang svay commune, preah sdach district, prey veng province. កម្រិតអង់ទីករនៃជំងឺឆ្កែឆ្កួតលើសុនខក្នុងឃុំក្រាំងស្វាយ ស្រុកព្រះស្ដេច ខេត្តព្រៃវែង
260 ## - PUBLICATION, DISTRIBUTION, ETC. (IMPRINT)
Place of publication PHNOM PENH
Name of publisher RUA
Year of publication 2025
300 ## - PHYSICAL DESCRIPTION
Number of Pages x,60p.
Other physical details ill.
Dimensions 29cm.
942 ## - ADDED ENTRY ELEMENTS (KOHA)
Koha item type MGR
952 ## - LOCATION AND ITEM INFORMATION (KOHA)
Withdrawn status [LOCAL, KOHA] 0
952 ## - LOCATION AND ITEM INFORMATION (KOHA)
Withdrawn status [LOCAL, KOHA] 0
Holdings
Permanent Location Date acquired Koha item type Lost status Shelving location Barcode Current Location Full call number
Library Block B2026-04-07MGR B707B712095Library Block BDVM SEN 2025 B707 Or.1
Library Block B2026-04-07MGR B707B712048Library Block BDVM SEN 2025 B707 Or.2
មជ្ឈមណ្ឌលឯការនៃសាកលវិទ្យាល័យភូមិន្ទកសិកម្មចំការដូង

Powered by Koha